Statistics for Danganronpa All Students Quiz

Click here to take the quiz!

General Stats

  • This quiz has been taken 1,124 times
    (837 since last reset)
  • The average score is 39 of 48

Answer Stats

CharacterUltimate Talent% Correct
Makoto NaegiUltimate Lucky Student
96%
Junko EnoshimaUltimate Fashionette(Ultimate Despair)
94%
Byakuya TogamiUltrimate Affluent Progeny (Actually Ultimate Imposter)
92%
Byakuya TogamiUltimate Affluent Progeny
92%
Kyoko KirigiriUltimate ??? (Actually Ultimate Detective)
92%
Sayaka MaizonoUltimate Pop Sensation
90%
Aoi AsahinaUltimate Swimming Pro
88%
Celestia LudenbergUltimate Gambler
87%
Chiaki NanamiUltimate Gamer
87%
Leon KuwataUltimate Baseball Star
87%
Nagito KomaedaUltimate Lucky Student
87%
Sonia NevermindUltimate Princess
87%
Toko FukawaUltimate Writing Prodigy
87%
Chihiro FujisakiUltimate Programmer
86%
Mondo OwadaUltimate Biker Gang Leader
86%
Sakura OgamiUltimate Martial Artist
86%
Gundham TanakaUltimate Breeder
85%
Hajime Hinata / Izuru KamukuraUltimate ??? (Actually Ultimate Hope)
85%
Peko PekoyamaUltimate Swordswoman
85%
Mukuro IkusabaUltimate Soldier
84%
Ibuki MiodaUltimate Musician
83%
Kazuichi SodaUltimate Mechanic
82%
Mikan TsumikiUltimate Nurse
82%
K1-B0Ultimate Robot
81%
Shuichi SaiharaUltimate Detective
81%
Kaede AkamatsuUltimate Pianist
80%
Kiyotaka IshimaruUltimate Moral Compass
80%
Kokichi OmaUltimate Supreme Leader
80%
Hifumi YamadaUltimate Fanfic Creator
79%
Akane OwariUltimate Gymnast
78%
Nekomaru NidaiUltimate Team Manager
78%
Teruteru HanamuraUltimate Cook
77%
Yasuhiro HagakureUltimate Clairvoyant
77%
Kaito MomotaUltimate Astronaut
76%
Miu IrumaUltimate Inventor
76%
Angie YonagaUltimate Artist
74%
Hiyoko SaionjiUltimate Traditional Dancer
74%
Mahiru KoizumiUltimate Photographer
74%
Rantaro AmamiUltimate ??? (Ultimate Adventurer / Ultimate Survivor)
74%
Fuyuhiko KuzuryuUltimate Yakuza
72%
Gonta GokuharaUltimate Entomologist
72%
Himiko YumenoUltimate Magician
72%
Kirumi TojoUltimate Maid
71%
Maki HarukawaUltimate Child Caregiver (Actually Ultimate Assassin)
71%
Tenko ChabashiraUltimate Aikido Master
71%
Tsumugi ShiroganeUltimate Cosplayer
71%
Ryoma HoshiUltimate Tennis Pro
68%
Korekiyo ShingujiUltimate Anthropologist
63%

Score Distribution

Percentile by Number Answered

Percent of People with Each Score

Your Score History

You have not taken this quiz since the last reset